[Event "HUN-chT2 Erkel 0910"]
[Site "Hungary"]
[Date "2010.04.18"]
[Round "10.1"]
[White "Mate, Laszlo"]
[Black "Schenkerik, Csaba"]
[Result "1-0"]
[WhiteElo "2348"]
[BlackElo "2120"]
[PlyCount "105"]
[EventDate "2009.11.08"]
[EventType "team-tourn"]
[EventRounds "11"]
[EventCountry "HUN"]
[SourceTitle "EXT 2011"]
[Source "ChessBase"]
[SourceDate "2010.11.26"]
[SourceVersion "1"]
[SourceVersionDate "2010.11.26"]
[SourceQuality "1"]
[WhiteTeam "Budapest MTK"]
[BlackTeam "Vizugy"]
[WhiteTeamCountry "HUN"]
[BlackTeamCountry "HUN"]

1. c4 e6 2. g3 d5 3. Bg2 c5 4. Nf3 Nc6 5. 0-0 Nf6 6. d4 Be7 7. Nc3 0-0 8. cxd5 exd5 9. Bg5 cxd4 10. Nxd4 h6 11. Be3 Re8 12. Rc1 Bf8 13. Nxc6 bxc6 14. Na4 Qa5 15. a3 Ba6 16. Re1 Bb5 17. Nc5 Bxc5 18. Bxc5 Qa6 19. e3 Ne4 20. Qd4 Ng5 21. h4 Ne6 22. Qc3 Bc4 23. b3 Nxc5 24. bxc4 Ne4 25. Qa1 Nd2 26. cxd5 Nb3 27. Rxc6 Qxc6 28. dxc6 Nxa1 29. Rxa1 Rac8 30. Rb1 Re5 31. Rd1 Ra5 32. Rd7 Rxa3 33. Bd5 a5 34. Rxf7 Kh7 35. Ra7 a4 36. e4 Kg6 37. Kg2 Kf6 38. f4 h5 39. Rf7+ Kg6 40. f5+ Kh6 41. Ra7 Ra1 42. Kf3 Rf1+ 43. Ke3 Rg1 44. Kf4 Rf1+ 45. Ke5 Rf3 46. Kd6 Rxg3 47. Kd7 Rf8 48. c7 Rc3 49. Rxa4 g5 50. Ra6+ Kh7 51. hxg5 h4 52. Rh6+ Kg7 53. f6+ 1-0

[Event "HUN-chT2 Erkel 0910"]
[Site "Hungary"]
[Date "2009.11.08"]
[Round "1.4"]
[White "Juhasz, Bela"]
[Black "Mate, Laszlo"]
[Result "0-1"]
[WhiteElo "2184"]
[BlackElo "2348"]
[PlyCount "126"]
[EventDate "2009.11.08"]
[EventType "team-tourn"]
[EventRounds "11"]
[EventCountry "HUN"]
[SourceTitle "EXT 2011"]
[Source "ChessBase"]
[SourceDate "2010.11.26"]
[SourceVersion "1"]
[SourceVersionDate "2010.11.26"]
[SourceQuality "1"]
[WhiteTeam "Ujszasz"]
[BlackTeam "Budapest MTK"]
[WhiteTeamCountry "HUN"]
[BlackTeamCountry "HUN"]

1. d4 Nf6 2. Nf3 d5 3. c4 dxc4 4. e3 e6 5. Bxc4 c5 6. 0-0 a6 7. a4 Nc6 8. dxc5 Qxd1 9. Rxd1 Bxc5 10. Nc3 b6 11. Bd2 Bb7 12. Rac1 Ke7 13. Bd3 Rhd8 14. Be1 Rac8 15. Bb1 Rxd1 16. Rxd1 Bb4 17. h3 Na5 18. Ne5 h6 19. f3 Bd6 20. Nd3 Nc4 21. e4 Nh5 22. Ba2 Nf4 23. Bxc4 Rxc4 24. Kf1 g5 25. b3 Rc8 26. Nxf4 Bxf4 27. Ne2 Bd6 28. Rc1 Rxc1 29. Nxc1 f5 30. exf5 exf5 31. Bf2 b5 32. axb5 axb5 33. Ne2 b4 34. Nd4 Kf6 35. Nc2 Ba6+ 36. Ke1 f4 37. Bd4+ Kf5 38. Bg7 h5 39. Nd4+ Kg6 40. Bh8 g4 41. hxg4 hxg4 42. fxg4 Kg5 43. Nf3+ Kxg4 44. Kf2 Kf5 45. Bg7 Ke4 46. Bd4 Bb7 47. Ke2 Ba6+ 48. Kf2 Bd3 49. Bb6 Bc2 50. Ke2 Bd3+ 51. Kf2 Ba6 52. Bd4 Kd3 53. Ke1 Bb7 54. Be5 Bxe5 55. Nxe5+ Kd4 56. Ng6 Ke3 57. Kf1 Bd5 58. Ne5 Bxb3 59. Ng4+ Kd4 60. Nf2 Bc2 61. Ke2 Be4 62. Nh3 b3 63. Kd2 b2 0-1

[Event "HUN-chT 0809"]
[Site "Hungary"]
[Date "2008.10.26"]
[Round "1"]
[White "Mate, Laszlo"]
[Black "Csonka, Attila Istvan"]
[Result "1/2-1/2"]
[WhiteElo "2356"]
[BlackElo "2275"]
[PlyCount "188"]
[EventDate "2008.10.26"]
[EventType "team-tourn"]
[EventRounds "11"]
[EventCountry "HUN"]
[SourceTitle "CBM 127 Extra"]
[Source "ChessBase"]
[SourceDate "2009.01.08"]
[SourceVersion "2"]
[SourceVersionDate "2009.01.28"]
[SourceQuality "1"]
[WhiteTeam "Budapest MTK"]
[BlackTeam "Haladas"]
[WhiteTeamCountry "HUN"]
[BlackTeamCountry "HUN"]

1. c4 e5 2. g3 Nf6 3. Bg2 d5 4. cxd5 Nxd5 5. Nc3 Nb6 6. Nf3 Nc6 7. 0-0 Be7 8. d3 0-0 9. b3 Be6 10. Bb2 f6 11. Rc1 a5 12. a3 Rf7 13. Nd2 Nd5 14. Na4 Nd4 15. e3 Nb5 16. Nc5 Bxc5 17. Rxc5 c6 18. Rc1 Rd7 19. Ne4 Qe7 20. Nc5 Rdd8 21. Qc2 Bf7 22. Rfd1 Rac8 23. d4 exd4 24. exd4 Re8 25. Qd2 Nd6 26. Re1 Qc7 27. Bh3 Rxe1+ 28. Rxe1 Re8 29. Rxe8+ Nxe8 30. Qe2 Nd6 31. Bc1 b6 32. Na4 Nb5 33. Bb2 Qd6 34. Qc2 g6 35. Qc1 Kg7 36. Bf1 Qe6 37. Bc4 Qe4 38. Qd2 Qb1+ 39. Kg2 Qf5 40. Qd3 Qg4 41. Qf3 Qd7 42. Qe2 Nd6 43. Bd3 Be6 44. f3 Nc8 45. Bc4 Nc7 46. Nc3 Ne7 47. Ne4 Bd5 48. Nc3 Ne6 49. Nxd5 Nxd5 50. Bxd5 Qxd5 51. Qc4 Qd7 52. h4 Nc7 53. Bc1 Nd5 54. Bd2 Kf7 55. g4 Qe6 56. Qd3 Qd6 57. a4 Qa3 58. Qc2 Qd6 59. Qd3 Qe6 60. h5 f5 61. hxg6+ hxg6 62. gxf5 gxf5 63. Kf2 Kf6 64. Qe2 Qd6 65. Kg2 Kf7 66. Qd3 Qg6+ 67. Kf2 Qh5 68. Ke2 Ke6 69. Kd1 Qh1+ 70. Kc2 Qa1 71. Qc4 Kd6 72. Qd3 Ke6 73. Qc4 Qa2+ 74. Kd1 Qb1+ 75. Ke2 Kd6 76. Qd3 Qb2 77. Ke1 Ne7 78. Bf4+ Kd7 79. Bg5 Kd6 80. Bf4+ Ke6 81. Qe2+ Qxe2+ 82. Kxe2 Nd5 83. Bd2 Nf6 84. Kd3 Kd5 85. Bg5 Nd7 86. Bd8 c5 87. dxc5 Nxc5+ 88. Kc3 Kc6 89. Kc4 Ne6 90. Bf6 Kd6 91. Bd4 Kc6 92. Be3 f4 93. Bd2 Ng5 94. Bxf4 Nxf3 1/2-1/2

[Event "HUN-chT 0708"]
[Site "Hungary"]
[Date "2008.03.30"]
[Round "9"]
[White "Lupulescu, Constantin"]
[Black "Mate, Laszlo"]
[Result "1-0"]
[WhiteElo "2562"]
[BlackElo "2371"]
[PlyCount "83"]
[EventDate "2007.10.14"]
[EventType "team"]
[EventRounds "11"]
[EventCountry "HUN"]
[SourceTitle "EXT 2009"]
[Source "ChessBase"]
[SourceDate "2008.11.26"]
[SourceVersion "1"]
[SourceVersionDate "2008.11.26"]
[SourceQuality "1"]
[WhiteTeam "Nagykanizsa"]
[BlackTeam "Postas/MTK"]
[WhiteTeamCountry "HUN"]
[BlackTeamCountry "HUN"]

1. e4 e6 2. d4 d5 3. Nd2 dxe4 4. Nxe4 Nd7 5. Bd3 Ngf6 6. Qe2 c5 7. Nf3 cxd4 8. 0-0 Nxe4 9. Bxe4 Be7 10. Nxd4 Nc5 11. Rd1 Qb6 12. Bf3 0-0 13. Nb3 Qc7 14. Qc4 Rb8 15. Be3 b5 16. Qd4 e5 17. Qd2 Bb7 18. Nxc5 Bxc5 19. Qd7 Qxd7 20. Rxd7 Bxe3 21. fxe3 Bxf3 22. gxf3 Rfc8 23. Rad1 h6 24. c3 b4 25. cxb4 Rc2 26. Rd8+ Rxd8 27. Rxd8+ Kh7 28. Ra8 Rxb2 29. a3 Rb3 30. Rxa7 Rxe3 31. b5 Rxf3 32. a4 Rb3 33. Rxf7 e4 34. Rb7 e3 35. Kf1 Kg6 36. a5 Kf5 37. a6 Ke4 38. a7 Ra3 39. b6 Ra1+ 40. Kg2 Ra2+ 41. Kg3 e2 42. Kf2 1-0

[Event "HUN-chT 0708"]
[Site "Hungary"]
[Date "2008.02.17"]
[Round "6"]
[White "Mate, Laszlo"]
[Black "Szalai, Kornel"]
[Result "1/2-1/2"]
[WhiteElo "2371"]
[BlackElo "2303"]
[PlyCount "79"]
[EventDate "2007.10.14"]
[EventType "team"]
[EventRounds "11"]
[EventCountry "HUN"]
[SourceTitle "EXT 2009"]
[Source "ChessBase"]
[SourceDate "2008.11.26"]
[SourceVersion "1"]
[SourceVersionDate "2008.11.26"]
[SourceQuality "1"]
[WhiteTeam "Postas/MTK"]
[BlackTeam "Mako"]
[WhiteTeamCountry "HUN"]
[BlackTeamCountry "HUN"]

1. c4 e5 2. g3 Nc6 3. Bg2 g6 4. Nc3 Bg7 5. e4 Nge7 6. Nge2 0-0 7. d3 d6 8. 0-0 Be6 9. Nd5 Qd7 10. Bg5 f6 11. Be3 f5 12. Qd2 Rf7 13. d4 f4 14. gxf4 exd4 15. Nxd4 Nxd4 16. Bxd4 Nxd5 17. exd5 Bh3 18. f3 Bh6 19. Be3 Bf5 20. Bf2 Raf8 21. Bg3 Qd8 22. Rae1 Qf6 23. b3 Bg7 24. Rd1 b6 25. Rfe1 a5 26. Re2 Re7 27. Rxe7 Qxe7 28. Re1 Qd7 29. Qe3 Kf7 30. Qd2 Re8 31. Bf1 Rxe1 32. Bxe1 Qe7 33. Bf2 Qf6 34. Bd3 Bh3 35. f5 Bxf5 36. Bxf5 Qxf5 37. Qe2 Be5 38. Kg2 Qg5+ 39. Bg3 Bxg3 40. hxg3 1/2-1/2